مكتبة جامعة عجلون الوطنية

فهرس بحث المكتبة

Normal view MARC view
  • تأليف عبد الهاشمي،عبد الرحمن؛م مشارك العزاوي؛محمد فخري؛تقديم عويدات،عبد الله

Entry Personal Name

Number of records used in: 1

001 - CONTROL NUMBER

  • control field: 51367

003 - CONTROL NUMBER IDENTIFIER

  • control field: JO-AjAnu

005 - DATE AND TIME OF LATEST TRANSACTION

  • control field: 20230606082442.0

008 - FIXED-LENGTH DATA ELEMENTS

  • fixed length control field: 230606|| aca||aabn | a|a d

040 ## - CATALOGING SOURCE

  • Original cataloging agency: JO-AjAnu
  • Transcribing agency: JO-AjAnu

100 ## - HEADING--PERSONAL NAME

  • Personal name: تأليف عبد الهاشمي،عبد الرحمن؛م مشارك العزاوي؛محمد فخري؛تقديم عويدات،عبد الله

670 ## - SOURCE DATA FOUND

  • Source citation: Work cat.: (JO-AjAnu)26252: تأليف عبد الهاشمي،عبد الرحمن؛م مشارك العزاوي؛محمد فخري؛تقديم عويدات،عبد الله, author, الكتابة الفنية مفهومها-أهميتها-مهاراتها-تطبيقاتها:Technical Writing